Villes les plus peuplées du monde - Sans les capitales - Statistiques

Statistiques générales
  • Ce quiz a été pris 9 347 fois
    9 230 depuis la dernière actualisation
  • Le résultat moyen est 14 sur 50
Statistiques - réponses
Population Ville % Correct
21,8 M New York
89%
17,1 M Los Angeles
81%
41,6 M Shanghai
75%
27,6 M Mumbai
67%
13,6 M Rio de Janeiro
66%
9,60 M Chicago
60%
22,6 M São Paulo
56%
72,7 M Canton / Shenzhen
51%
17,7 M Osaka
50%
7,50 M Hong Kong
46%
7,50 M San Francisco
44%
16,0 M Istanbul
42%
21,3 M Lagos
41%
7,85 M Toronto
41%
7,70 M Boston
39%
17,9 M Kolkata
39%
7,80 M Dallas
34%
7,20 M Houston
34%
12,6 M Wuhan
33%
14,8 M Johannesbourg
28%
7,50 M Philadelphie
27%
21,0 M Karachi
25%
14,7 M Bengaluru
24%
14,3 M Ho Chi Minh Ville
24%
13,4 M Xi’an
24%
7,05 M Abidjan
20%
12,9 M Chongqing
20%
14,6 M Lahore
19%
18,1 M Chengdu
18%
12,9 M Chennai
18%
10,5 M Nagoya
17%
11,7 M Hyderabad
16%
9,50 M Nankin
13%
11,7 M Tianjin
13%
9,90 M Ahmedabad
12%
15,4 M Xiamen
11%
14,6 M Hangzhou
9%
7,00 M Bandung
8%
8,00 M Pune
8%
7,70 M Qingdao
7%
11,5 M Changsha
5%
6,80 M Kunming
5%
8,80 M Shenyang
5%
8,05 M Surat
5%
10,3 M Zhengzhou
5%
6,75 M Jinan
4%
8,20 M Hefei
3%
7,60 M Ningbo
3%
8,05 M Shantou
3%
7,00 M Wenzhou
3%
Aucun quiz correspondant
Distribution des résultats
% des personnes avec chaque résultat
Percentile par nombre de réponses
Votre historique - résultats
Vous n’avez pas pris ce quiz depuis la dernière actualisation